01447nam a22003017a 4500003000900000005001700009007000300026008004000029020001800069040002500087082001000112100002900122245014200151260003500293300004300328500005700371504003200428590002600460700004200486910001500528942001400543952010700557952011600664952011600780952011600896952011601012999001701128DO-SdBNP20240313073817.0ta210909b 2010 dr a b c 00| 0 eng d a9789993429487 aDO-SdBNPbspacBNPHU 4aBNPHU1 aDitrén, Ignacio9798181 aHistoria del transporte en la República Dominicana :bde la canoa de los taínos al metro /cIgnacio Ditrén ; prólogo Lipe Collado aSanto Domingo :bs.n. ;c2010. a445 p. :bil., mapas, retrs. ;c23 cm. aIncluye datos biográficos del autor en las solapas aBibliografía : p. 423-428 aInventariado, 2021/BT1 aCollado, Lipe,d1947-epról.979819 aBtavárez 2ddccLBS1 00102ddc718PDaBNPHUbPDd2021-09-09eCompral0oBNPHU PDp2021-26298r2021-09-09w2021-09-09yLFPD 00102ddc718PDaBNPHUbPDcHDd2021-09-09eCompral0oBNPHU PDp2021-26299r2021-09-09te.2w2021-09-09yLFPD 00102ddc758DSaBNPHUbDOcCTd2021-09-20fCompral0oBNPHU DSp2021-26769r2021-09-20te.3w2021-09-20yLFDS 00102ddc758DSaBNPHUbDOcCTd2021-09-20eCompral0oBNPHU DSp2021-26772r2021-09-20te.4w2021-09-20yLFDS 00102ddc758DSaBNPHUbDOcCTd2021-09-20eCompral0oBNPHU DSp2021-26773r2021-09-20te.5w2021-09-20yLFDS c50465d50465